00256nam a2200097Ia 4500008004100000100002000041245002600061260004500087260000900132999001700141170620s9999 xx 000 0 und d aSharma- Promila 4aThe Aims of Education bNew Delhi- A.P.H. Publishing corporation c2003 c24292d24292